000 00819cam a22002531 4500
001 143660
003 SpMaBN
005 20230925163026.0
008 981210s1952 sp spa
016 7 _abimoBNE20000172808
_zIND9800829979
_2SpMaBN
035 _a(OCoLC)432713821
040 _aSpMaBN
_bspa
_cCDM
_dES-MaACL
080 _a9(460.231 Albagés)
080 _a91(460.231 Albagés)
100 0 _aSero Serra, Casimiro
_9105592
245 1 0 _aReseña descriptiva é histórica de Albages /
_cpor el Rvdo. D. Casimiro Seró Serra
260 _a[Bellpuig :
_bs.n.,
_c1952?]
_fImp. Saladrigues
300 _a95 p., 2 h. de lám. ;
_c22 cm
651 4 _98009
_aCataluña
_xDescripción
852 _aEs-MaACL
_9148848
_bR.34317
_j1970-F-3
_cDEPOF
942 _2udc
956 _a1
999 _c143660
_d143660